Municipios de la provincia de Girona - Estadísticas

Estadísticas generales
  • Esta prueba ha sido intentada 157 veces
  • La puntuación promedio es 53 de 220
Estadísticas de respuestas
Municipi Comarca % Correcto
Girona Gironès
90%
Figueres l'Alt Empordà
88%
Olot Garrotxa
87%
Cadaqués l'Alt Empordà
76%
Banyoles Pla de l'Estany
68%
Lloret de Mar la Selva
68%
Blanes la Selva
67%
Ripoll Ripollès
67%
Roses l'Alt Empordà
67%
Salt Gironès
65%
Palamós el Baix Empordà
63%
Sant Feliu de Guíxols el Baix Empordà
63%
Puigcerdà Cerdanya
60%
Palafrugell el Baix Empordà
58%
Begur el Baix Empordà
56%
Portbou l'Alt Empordà
55%
Tossa de Mar la Selva
55%
la Jonquera l'Alt Empordà
54%
Llagostera Gironès
53%
l'Escala l'Alt Empordà
52%
Santa Coloma de Farners la Selva
51%
Camprodon Ripollès
49%
Besalú Garrotxa
48%
Pals el Baix Empordà
47%
Cassà de la Selva Gironès
45%
Sant Pere Pescador l'Alt Empordà
45%
Anglès la Selva
44%
Llançà l'Alt Empordà
44%
Santa Cristina d'Aro el Baix Empordà
43%
Sils la Selva
43%
el Port de la Selva l'Alt Empordà
42%
la Bisbal d'Empordà el Baix Empordà
42%
Alp Cerdanya
41%
Castelló d'Empúries l'Alt Empordà
41%
Sarrià de Ter Gironès
41%
Torroella de Montgrí el Baix Empordà
41%
Celrà Gironès
38%
Maçanet de la Selva la Selva
38%
Sant Joan de les Abadesses Ripollès
38%
Llívia Cerdanya
37%
Quart Gironès
37%
Fornells de la Selva Gironès
36%
Arbúcies la Selva
35%
Colera l'Alt Empordà
35%
Peralada l'Alt Empordà
35%
Bescanó Gironès
34%
Vidreres la Selva
34%
Amer la Selva
33%
Caldes de Malavella la Selva
33%
Campdevànol Ripollès
33%
Porqueres Pla de l'Estany
33%
Sant Gregori Gironès
33%
Vilablareix Gironès
33%
Castellfollit de la Roca Garrotxa
32%
Hostalric la Selva
32%
Ribes de Freser Ripollès
32%
Riudellots de la Selva la Selva
32%
Sant Hilari Sacalm la Selva
32%
Vilafant l'Alt Empordà
32%
Queralbs Ripollès
31%
Vilobí d'Onyar la Selva
31%
Massanes la Selva
30%
Vilamalla l'Alt Empordà
30%
Aiguaviva Gironès
29%
Bordils Gironès
29%
Setcases Ripollès
29%
Flaçà Gironès
27%
Sant Julià de Ramis Gironès
27%
Viladrau Osona
27%
Vilajuïga l'Alt Empordà
27%
Bàscara l'Alt Empordà
26%
Cervià de Ter Gironès
26%
les Preses Garrotxa
26%
Castell-Platja d'Aro el Baix Empordà
25%
Darnius l'Alt Empordà
25%
Espolla l'Alt Empordà
25%
Llambilles Gironès
25%
Riudarenes la Selva
25%
Sant Jordi Desvalls Gironès
25%
Verges el Baix Empordà
25%
Breda la Selva
24%
Juià Gironès
24%
les Planes d'Hostoles Garrotxa
24%
Maçanet de Cabrenys l'Alt Empordà
24%
Espinelves Osona
23%
Santa Pau Garrotxa
23%
Ullà el Baix Empordà
23%
Calonge i Sant Antoni el Baix Empordà
22%
Argelaguer Garrotxa
21%
Campllong Gironès
21%
Corçà el Baix Empordà
21%
Garriguella l'Alt Empordà
21%
la Pera el Baix Empordà
21%
Llers l'Alt Empordà
21%
Palau-saverdera l'Alt Empordà
21%
Sant Joan les Fonts Garrotxa
21%
Serinyà Pla de l'Estany
21%
Ullastret el Baix Empordà
21%
Albons el Baix Empordà
20%
Das Cerdanya
20%
Navata l'Alt Empordà
20%
Planoles Ripollès
20%
Agullana l'Alt Empordà
19%
Albanyà l'Alt Empordà
19%
Cornellà del Terri Pla de l'Estany
19%
Fontcoberta Pla de l'Estany
19%
Madremanya Gironès
19%
Molló Ripollès
19%
Pau l'Alt Empordà
19%
Sant Feliu de Pallerols Garrotxa
19%
Sant Pau de Segúries Ripollès
19%
Toses Ripollès
19%
Ultramort el Baix Empordà
19%
Avinyonet de Puigventós l'Alt Empordà
18%
Cabanes l'Alt Empordà
18%
Cantallops l'Alt Empordà
18%
Fortià l'Alt Empordà
18%
Mont-ras el Baix Empordà
18%
Sant Jaume de Llierca Garrotxa
18%
Sant Miquel de Fluvià l'Alt Empordà
18%
Vilademuls Pla de l'Estany
18%
Vilallonga de Ter Ripollès
18%
Beuda Garrotxa
16%
Borrassà l'Alt Empordà
16%
Foixà el Baix Empordà
16%
Gualta el Baix Empordà
16%
la Selva de Mar l'Alt Empordà
16%
Ordis l'Alt Empordà
16%
Rabós l'Alt Empordà
16%
Regencós el Baix Empordà
16%
Sant Climent Sescebes l'Alt Empordà
16%
Vilabertran l'Alt Empordà
16%
Bellcaire d'Empordà el Baix Empordà
15%
Garrigàs l'Alt Empordà
15%
Urús Cerdanya
15%
Esponellà Pla de l'Estany
14%
Guils de Cerdanya Cerdanya
14%
Jafre el Baix Empordà
14%
la Cellera de Ter la Selva
14%
la Vall de Bianya Garrotxa
14%
la Vall d'en Bas Garrotxa
14%
Lladó l'Alt Empordà
14%
Osor la Selva
14%
Parlavà el Baix Empordà
14%
Pont de Molins l'Alt Empordà
14%
Sant Martí Vell Gironès
14%
Tortellà Garrotxa
14%
Viladamat l'Alt Empordà
14%
Vilamacolum l'Alt Empordà
14%
Vila-sacra l'Alt Empordà
14%
Biure l'Alt Empordà
13%
Boadella i les Escaules l'Alt Empordà
13%
Bolvir Cerdanya
13%
Canet d'Adri Gironès
13%
el Far d'Empordà l'Alt Empordà
13%
Fontanals de Cerdanya Cerdanya
13%
Garrigoles el Baix Empordà
13%
Ger Cerdanya
13%
Gombrèn Ripollès
13%
l'Armentera l'Alt Empordà
13%
la Tallada d'Empordà el Baix Empordà
13%
Montagut i Oix Garrotxa
13%
Sant Llorenç de la Muga l'Alt Empordà
13%
Vilopriu el Baix Empordà
13%
Cabanelles l'Alt Empordà
12%
Campmany l'Alt Empordà
12%
Llanars Ripollès
12%
Maià de Montcal Garrotxa
12%
Masarac l'Alt Empordà
12%
Mieres Garrotxa
12%
Palau-sator el Baix Empordà
12%
Riudaura Garrotxa
12%
Riumors l'Alt Empordà
12%
Rupià el Baix Empordà
12%
Santa Llogaia d'Àlguema l'Alt Empordà
12%
Siurana l'Alt Empordà
12%
Vilaür l'Alt Empordà
12%
Forallac el Baix Empordà
11%
Pontós l'Alt Empordà
11%
Serra de Daró el Baix Empordà
11%
Terrades l'Alt Empordà
11%
Torroella de Fluvià l'Alt Empordà
11%
Vallfogona de Ripollès Ripollès
11%
Vilanant l'Alt Empordà
11%
Cistella l'Alt Empordà
10%
Crespià Pla de l'Estany
10%
Cruïlles, Monells i Sant Sadurní de l'Heura el Baix Empordà
10%
Mollet de Peralada l'Alt Empordà
10%
Pedret i Marzà l'Alt Empordà
10%
Sant Feliu de Buixalleu la Selva
10%
Sant Miquel de Campmajor Pla de l'Estany
10%
Sant Mori l'Alt Empordà
10%
Vall-llobrega el Baix Empordà
10%
Ventalló l'Alt Empordà
10%
la Vajol l'Alt Empordà
9%
les Llosses Ripollès
9%
Riells i Viabrea la Selva
9%
Susqueda la Selva
9%
Vilamaniscle l'Alt Empordà
9%
Pardines Ripollès
8%
Sant Andreu Salou Gironès
8%
Sant Aniol de Finestres Garrotxa
8%
Sant Joan de Mollet Gironès
8%
Camós Pla de l'Estany
7%
Meranges Cerdanya
7%
Ogassa Ripollès
7%
Palau de Santa Eulàlia l'Alt Empordà
7%
Sant Martí de Llémena Gironès
7%
Vidrà Osona
7%
Campelles Ripollès
5%
Viladasens Gironès
5%
Fontanilles el Baix Empordà
4%
Isòvol Cerdanya
4%
Saus, Camallera i Llampaies l'Alt Empordà
4%
Brunyola i Sant Martí Sapresa la Selva
3%
Palol de Revardit Pla de l'Estany
3%
Sant Ferriol Garrotxa
3%
Sant Julià del Llor i Bonmatí la Selva
3%
Torrent el Baix Empordà
3%
Sales de Llierca Garrotxa
2%
No se encontraron pruebas coincidentes
Distribución de puntuación
Porcentaje de gente con cada puntuación
Porcentaje por número respondido
Historial de tus puntuaciones
No has intentado esta prueba.